| 000 | 00335nam a2200133Ia 4500 | ||
|---|---|---|---|
| 008 | 191201s2007 xx 000 0 und d | ||
| 082 |
_a006.76 _bMAC |
||
| 100 | _aMACDONALD, Matthew | ||
| 245 | 0 | _aASP. NET The Complete Reference | |
| 260 |
_aN.Delhi _bTata mc Graw Hill _c2007 |
||
| 300 | _a- | ||
| 650 | _aB.Tech(IT) | ||
| 942 |
_2ddc _cBK |
||
| 999 |
_c2950 _d2950 |
||